000
00318nam a2200145Ia 4500
100
_a
Bhide/L.B
650
_a
General
942
_c
BK
654
_a
Bankers Hand Book
245
_a
Bankers Hand Book On Discipline
260
_b
Om-Ameya Prakashan
_a
Bombay
_c
1983
300
_a
393
546
_a
ENGLISH
999
_c
30516
_d
30516